000 00672nam a2200241Ia 4500
003 OSt
005 20220925170752.0
006 a|||||r|||| 00| 0
007 ta
008 220923b |||||||| |||| 00| 0 eng d
037 _cGeneral Book
040 _aRTL
_cRTL
_beng
041 _2eng
_aeng
082 _aX:(B), L7
100 _aGale David
_9237826
245 0 _aFair division of a random harvest
260 _aBerkeley
_bUniversity of California
_c1977
300 _a10p.
_ccm.
490 _aOperation Research Center Publication
650 _aMathematical Economics
942 _hX:(B), L7
_cGB
_2CC
999 _c480916
_d480916